000 00488nam a2200181Ia 4500
005 20250508152820.0
008 008 250505s9999 xx 000 0 hin d
037 _aTextual
040 _aFEDL
_beng
_cFEDL
041 _ahin
_2hin
084 _a910.7, HAR
_qFEDL
100 _aSingh Harnarayan
_9762464
245 0 _aBhoogoal shikshan
260 _aAgra, India
_bVinod Pustak Mandir
_c1961
300 _a164p.
942 _cTEXL
_h910.7, HAR
999 _c1338927
_d1338927